Tire testing for rolling resistance and fuel economy (Record no. 43781)

MARC details
000 -LEADER
fixed length control field 00357nam a2200121Ia 4500
082 ## - DEWEY DECIMAL CLASSIFICATION NUMBER
Classification number 678.065:678.01
Item number GLE
100 ## - MAIN ENTRY--AUTHOR NAME
Personal name Bowers, P A
245 #0 - TITLE STATEMENT
Title Tire testing for rolling resistance and fuel economy
260 ## - PUBLICATION, DISTRIBUTION, ETC. (IMPRINT)
Place of publication Warrendale
Name of publisher Society of automotive engineers
Year of publication 1975
700 ## - ADDED ENTRY--PERSONAL NAME
Personal name Glemming, D A
942 ## - ADDED ENTRY ELEMENTS (KOHA)
Koha item type Books
Holdings
Withdrawn status Lost status Damaged status Not for loan Home library Current library Date acquired Source of acquisition Full call number Accession Number Koha item type
        RRII Library RRII Library 16/12/2021 Gift 678.065:678.01 GLE G00533 Books